Online
Catalog

Rompa las reglas! : (Record no. 10550)

MARC details
000 -CABECERA
campo de control de longitud fija 01001nam a2200241 a 4500
001 - NÚMERO DE CONTROL
campo de control 000010801
005 - FECHA Y HORA DE LA ÚLTIMA TRANSACCIÓN
campo de control 20200929162308.0
008 - DATOS DE LONGITUD FIJA--INFORMACIÓN GENERAL
campo de control de longitud fija 091012s2004 mx a 001 0 spa d
020 ## - NÚMERO INTERNACIONAL ESTÁNDAR DEL LIBRO
Número Internacional Estándar del Libro 970651774X
040 ## - FUENTE DE LA CATALOGACIÓN
Centro catalogador/agencia de origen DO-SdBNP
100 1# - ENTRADA PRINCIPAL--NOMBRE DE PERSONA
Nombre de persona Patler, Louis
9 (RLIN) 26097
245 10 - MENCIÓN DE TÍTULO
Título Rompa las reglas! :
Resto del título lecciones irreverentes para triunfar en la nueva economía /
Mención de responsabilidad, etc. Louis Patler ; editor Rogelio Carvajal Dávila ; traductor Juan Carlos Jolly.
260 ## - PUBLICACIÓN, DISTRIBUCIÓN, ETC.
Lugar de publicación, distribución, etc. México D.F., :
Nombre del editor, distribuidor, etc. Oceano,
Fecha de publicación, distribución, etc. 2004.
490 1# - MENCIÓN DE SERIE
Mención de serie Punto y aparte
500 ## - NOTA GENERAL
Nota general Incluye notas al pie de las páginas
500 ## - NOTA GENERAL
Nota general Incluye índice analístico
500 ## - NOTA GENERAL
Nota general Incluye datos biográficos del autor en la (p. 281)
504 ## - NOTA DE BIBLIOGRAFÍA, ETC.
Nota de bibliografía, etc. Incluye bibliografía (275 - 279)
534 ## - NOTA SOBRE LA VERSIÓN ORIGINAL
Encabezamiento principal del original Título original en inglés
Mención de edición del original Capstone Publishing Ltd, 1999
Mención de título del original Tilt! irreverent lessons for leading innovation in the new economy
700 1# - PUNTO DE ACCESO ADICIONAL--NOMBRE DE PERSONA
Nombre de persona Carvajal Dávila, Rogelio
Término indicativo de función/relación ed.
9 (RLIN) 11192
700 1# - PUNTO DE ACCESO ADICIONAL--NOMBRE DE PERSONA
Nombre de persona Jolly, Juan Carlos
Término indicativo de función/relación tr.
9 (RLIN) 26098
830 #1 - PUNTO DE ACCESO ADICIONAL DE SERIE-TÍTULO UNIFORME
Título uniforme Punto y aparte
9 (RLIN) 26099
Holdings
Estado de retiro Estado de pérdida Restricciones de uso No para préstamo Código de colección Localización permanente Ubicación/localización actual Ubicación en estantería Fecha de adquisición Número de inventario Total de préstamos Signatura topográfica completa Código de barras Fecha visto por última vez Precio válido a partir de Tipo de ítem Koha
      Excluido de préstamo Monografías: Libros y Folletos General General En catalogación 12.10.2009 LF1   10801-10 25.06.2020 25.06.2020 No se presta

Powered by Koha